| 000 | 00463nam a22001457a 4500 | ||
|---|---|---|---|
| 082 | _a621.3 | ||
| 100 | _aRehman, Ubair Ur | ||
| 245 |
_aMultiple Target Detection in Wall Penetrating UWB Radar / _cUbair Ur Rehman |
||
| 260 |
_aIslamabad : _bMCS - NUST, _c2012. |
||
| 300 |
_a69 p. ; _c30cm. |
||
| 650 |
_aElectrical Engineering-MS-Thesis _916073 |
||
| 700 |
_aDr. Adnan Rashdi _934957 |
||
| 942 |
_2ddc _cTHE |
||
| 999 |
_c540843 _d540843 |
||